000 00552nam a22001697a 4500
005 20140310183650.0
008 140114b xxu||||| |||| 00| 0 eng d
020 _a9789712703676
050 _aPZ 90.P5
_b.B88 1996
245 _aBumasa at lumaya :
_ba sourcebook on children's literature in the Philippines /
_cedited by Virgilio S. Almario, et al. ;
260 _aPhilippines :
_bAnvil Publishing Inc.,
_c1996.
300 _a161 p. :
_bill. ;
_c20 cm.
521 _aEDU
650 _aChildren's literature
942 _2lcc
_cBK
_kLOC
999 _c26054
_d26054